000 00638nam a2200253 a 4500
001 14347
003 BD-JhCC
005 20250304122749.0
008 250302b19662018e a|||| ||a| 001 0 eng d
020 _a9780241339527
035 _a(BD-JhCC)14347
040 _aBD-JhCC
_dBD-JhCC
041 _aenglish
082 _a808.83
_bNAB 2018
100 _a Nabokov,Vladimir
245 _aLance /
_cVladimir Nabokov .
260 _aNew York:
_bPenguin Books;
_c2018.
300 _a64 p. :
_c16 cm.
490 _aPenguin Modern: 49
500 _aPenguin Modern: 49
650 _a English Short stories.
942 _2ddc
_cBK
999 _c14347
_d14347